[Event "Stay Safe Play From Home 238"]
[Site "Emanuel Lasker Arena"]
[Date "2020.06.19"]
[Round "9"]
[White "Weltszmerc"]
[Black "Toosieslide"]
[Result "0-1"]
[WhiteElo "2214"]
[BlackElo "2257"]
[Annotator "TA"]
[PlyCount "82"]
[EventDate "2020.06.19"]
[EventType "swiss (blitz)"]

{[%evp 21,81,30,34,8,51,22,53,-15,-14,-21,-21,-20,-12,-16,0,-87,-45,-89,-82,-93,-88,-154,-93,-94,-101,-95,-93,-121,-119,-236,-236,-264,-266,-400,-263,-29990,-29991,-29991,-29991,-29991,-29987,-29988,-29987,-29979,-5585,-29991,-29992,-29994,-29995,-29995,-29996,-29996,-29994,-29994,-29995,-29996,-29995,-29997,-29996,-29998,-29999,-29999]} 1. d4 d5 2. c4 c6 3. Nf3 Nf6 4. g3 e6 5. Bg2 Nbd7 6. O-O Bd6 7. Nbd2 O-O 8. Qc2 b6 9. e4 dxe4 10. Nxe4 Nxe4 11. Qxe4 Bb7 $1 12. Qe2 {E01: Catalan: Early deviations.} (12. Bf4 {seems wilder.} Nf6 13. Qe3 Ng4 14. Qd2 Qc7 15. Bxd6 Qxd6 16. Rad1) 12... Nf6 13. Rd1 Qc7 {[#]} 14. c5 $146 (14. Bg5 $14) ({Predecessor:} 14. Bg5 Nd7 15. Rac1 Rfe8 16. Be3 c5 17. dxc5 Bxc5 18. Bxc5 bxc5 19. a3 a5 20. b3 {0-1 (56) Baudouin,S (1926)-Coutton,S (2185) Europe Chess INT 2020}) 14... bxc5 $11 15. dxc5 Bxc5 16. Bf4 Qb6 {White must now prevent ...Ng4.} 17. Ne5 Rad8 18. Nc4 (18. Bg5 $11) 18... Qa6 19. b3 Bd4 20. Rac1 c5 21. Bc7 {[#]} (21. Bg5 $142) 21... Rd7 ({Better is} 21... Bxg2 $1 22. Bxd8 Bb7 23. Rxd4 (23. Bxf6 {leads to mate.} Qc6 24. Qe4 Qxe4 25. Kf1 Qg2+ {[%mdl 64] Double Attack} 26. Ke2 Qxf2+ {[%mdl 64] Double Attack} 27. Kd3 Be4+ {[%mdl 64] Decoy} 28. Kxe4 Qf5#) 23... cxd4 24. Bxf6 Qc6) 22. Be5 $17 Bxg2 23. Kxg2 Nd5 {[%cal Bf6d5,Bd5c3,Bc3e2][%mdl 32]} 24. Bxd4 cxd4 $40 {[%mdl 128] Black goes for the king.} 25. Rxd4 {[#]} (25. Qe4 $17 {keeps fighting.}) 25... Nc3 $1 $19 {[%cal Rc3e2][%mdl 576] Double Attack} 26. Qd3 (26. Rxc3 Rxd4) 26... Rxd4 27. Qxd4 (27. Qxc3 $142 Qc6+ 28. Qf3 Qxf3+ 29. Kxf3) 27... Qb7+ 28. Kg1 $2 (28. f3 $19 Ne2 29. Na5) 28... Ne2+ {[%mdl 64] Double Attack} 29. Kf1 Nxd4 {[%cal Rb7h1]} 30. Ke1 Qh1+ 31. Kd2 Nf3+ 32. Kc2 Qxh2 (32... Ne1+ $142 33. Kd2 Rd8+ 34. Ke2 Qf3+ 35. Kxe1 Qh1+ {[%mdl 64] Double Attack} 36. Ke2 Qxc1 37. Kf3 Qh1+ {[%mdl 64] Double Attack} 38. Ke3 f5 39. Nd2 Qe1+ {[%mdl 64] Double Attack} 40. Kf4 Qxd2+ 41. Kf3 Qd5+ 42. Kf4 Qe4+ 43. Kg5 Qg4#) 33. Ne3 Qxf2+ {[%mdl 64] Double Attack. Black mates.} 34. Kd3 Qd2+ 35. Ke4 Ng5+ 36. Kf4 Nh3+ 37. Kf3 Qxc1 38. g4 Ng5+ 39. Kf4 {[#]} e5+ $1 40. Kf5 (40. Kxe5 Qxe3+) 40... Qxe3 {[%csl Ge5][%cal Re3f4]} 41. b4 Qf4# {Accuracy: White = 23%, Black = 61%.} 0-1

[Event "Stay Safe Play From Home 238"]
[Site "Emanuel Lasker Arena"]
[Date "2020.06.19"]
[Round "9"]
[White "Greblah"]
[Black "Klasman"]
[Result "1-0"]
[WhiteElo "1865"]
[BlackElo "1223"]
[Annotator "NA RC"]
[PlyCount "67"]
[EventDate "2020.06.19"]
[EventType "swiss (blitz)"]

1. e4 {[%emt 0:00:01]} f5 {[%emt 0:00:01]} 2. exf5 {[%emt 0:00:01]} Nf6 {[%emt 0:00:01]} 3. Nc3 {[%emt 0:00:00]} d5 {[%emt 0:00:01]} 4. Bb5+ {[%emt 0:00:01]} c6 {[%emt 0:00:01]} 5. Ba4 {[%emt 0:00:01]} d4 {[%emt 0:00:03]} 6. Nge2 {[%emt 0:00:00]} dxc3 {[%emt 0:00:02]} 7. Nxc3 {[%emt 0:00:00]} b5 {[%emt 0:00:01]} 8. O-O {[%emt 0:00:00]} bxa4 {[%emt 0:00:01]} 9. Nxa4 {[%emt 0:00:00]} Bd7 {[%emt 0:00:02]} 10. d4 {[%emt 0:00:00]} Bxf5 {[%emt 0:00:03]} 11. c4 {[%emt 0:00:00]} e6 {[%emt 0:00:01]} 12. Bf4 {[%emt 0:00:00]} Bd6 {[%emt 0:00:02]} 13. Qf3 {[%emt 0:00:03]} Bxf4 {[%emt 0:00:03]} 14. Qxf4 {[%emt 0:00:01]} O-O {[%emt 0:00:02]} 15. Nc5 {[%emt 0:00:01]} Nbd7 {[%emt 0:00:04]} 16. Nxd7 {[%emt 0:00:02]} Qxd7 {[%emt 0:00:02]} 17. Rad1 {[%emt 0:00:00]} Rab8 {[%emt 0:00:01]} 18. b3 {[%emt 0:00:01]} Ne4 {[%emt 0:00:03]} 19. Qe5 {[%emt 0:00:01]} Nc3 {[%emt 0:00:02]} 20. Rd2 {[%emt 0:00:01]} Be4 {[%emt 0:00:05]} 21. Qa5 {[%emt 0:00:01]} Rf5 {[%emt 0:00:02]} 22. f3 {[%emt 0:00:01]} Bb1 {[%emt 0:00:05]} 23. Qxc3 {[%emt 0:00:01]} Bxa2 {[%emt 0:00:01]} 24. Rxa2 {[%emt 0:00:02]} Rbf8 {[%emt 0:00:01]} 25. Qe3 {[%emt 0:00:01]} e5 {[%emt 0:00:01]} 26. dxe5 {[%emt 0:00:01]} Qe6 {[%emt 0:00:01]} 27. Qd2 {[%emt 0:00:01]} Rxe5 {[%emt 0:00:01]} 28. Rb2 {[%emt 0:00:02]} Re8 {[%emt 0:00:02]} 29. h3 {[%emt 0:00:02]} Re1 {[%emt 0:00:01]} 30. Rxe1 {[%emt 0:00:01]} Qxe1+ {[%emt 0:00:01]} 31. Qxe1 {[%emt 0:00:00]} Rxe1+ {[%emt 0:00:01]} 32. Kf2 {[%emt 0:00:00]} Rc1 {[%emt 0:00:01]} 33. g4 {[%emt 0:00:02]} Kf7 {[%emt 0:00:01]} 34. Kg3 {[%emt 0:00:00] Time (Lag: Av=0.38s, max=0.5s)} 1-0

[Event "Stay Safe Play From Home 238"]
[Site "Emanuel Lasker Arena"]
[Date "2020.06.19"]
[Round "9"]
[White "Bishop91"]
[Black "Robk"]
[Result "0-1"]
[WhiteElo "1675"]
[BlackElo "1604"]
[Annotator "NA RC"]
[PlyCount "64"]
[EventDate "2020.06.19"]
[EventType "swiss (blitz)"]

1. e3 {[%emt 0:00:01]} c5 {[%emt 0:00:02]} 2. d4 {[%emt 0:00:02]} e6 {[%emt 0:00:00]} 3. d5 {[%emt 0:00:02]} exd5 {[%emt 0:00:02]} 4. Qxd5 {[%emt 0:00:01]} Nf6 {[%emt 0:00:01]} 5. Qd1 {[%emt 0:00:01]} Nc6 {[%emt 0:00:01]} 6. Bc4 {[%emt 0:00:00]} d5 {[%emt 0:00:02]} 7. Bb5 {[%emt 0:00:01]} Bd7 {[%emt 0:00:02]} 8. Nf3 {[%emt 0:00:01]} a6 {[%emt 0:00:01]} 9. Bxc6 {[%emt 0:00:02]} Bxc6 {[%emt 0:00:00]} 10. O-O {[%emt 0:00:01]} Be7 {[%emt 0:00:01]} 11. Nc3 {[%emt 0:00:01]} O-O {[%emt 0:00:00]} 12. b3 {[%emt 0:00:03]} b5 {[%emt 0:00:02]} 13. Bb2 {[%emt 0:00:01]} b4 {[%emt 0:00:04]} 14. Ne2 {[%emt 0:00:01]} Ne4 {[%emt 0:00:03]} 15. Ng3 {[%emt 0:00:01]} Nxg3 {[%emt 0:00:01]} 16. hxg3 {[%emt 0:00:02]} Bf6 {[%emt 0:00:02]} 17. Bxf6 {[%emt 0:00:04]} Qxf6 {[%emt 0:00:01]} 18. Qd3 {[%emt 0:00:01]} Rfd8 {[%emt 0:00:03]} 19. Rad1 {[%emt 0:00:03]} d4 {[%emt 0:00:01]} 20. e4 {[%emt 0:00:03]} a5 {[%emt 0:00:06]} 21. Rfe1 {[%emt 0:00:00]} Re8 {[%emt 0:00:02]} 22. g4 {[%emt 0:00:06]} Rad8 {[%emt 0:00:03]} 23. g5 {[%emt 0:00:01]} Qf4 {[%emt 0:00:02]} 24. g3 {[%emt 0:00:02]} Qg4 {[%emt 0:00:02]} 25. Nh2 {[%emt 0:00:05]} Qxg5 {[%emt 0:00:01]} 26. f4 {[%emt 0:00:02]} Qf6 {[%emt 0:00:02]} 27. Ng4 {[%emt 0:00:03]} Qe6 {[%emt 0:00:02]} 28. f5 {[%emt 0:00:02]} Qd7 {[%emt 0:00:03]} 29. Kf2 {[%emt 0:00:00]} Bxe4 {[%emt 0:00:02]} 30. Rxe4 {[%emt 0:00:02]} Rxe4 {[%emt 0:00:01]} 31. f6 {[%emt 0:00:00]} Qd5 {[%emt 0:00:02]} 32. Rh1 {[%emt 0:00:04]} Qf5+ {[%emt 0:00:02] Time (Lag: Av=0.41s, max=0.9s)} 0-1

[Event "Stay Safe Play From Home 238"]
[Site "Emanuel Lasker Arena"]
[Date "2020.06.19"]
[Round "9"]
[White "Germanicus G"]
[Black "Meini"]
[Result "0-1"]
[WhiteElo "1312"]
[BlackElo "1581"]
[Annotator "NA RC"]
[PlyCount "80"]
[EventDate "2020.06.19"]
[EventType "swiss (blitz)"]

1. g3 {[%emt 0:00:01]} Nf6 {[%emt 0:00:03]} 2. Bg2 {[%emt 0:00:00]} g6 {[%emt 0:00:02]} 3. e3 {[%emt 0:00:00]} Bg7 {[%emt 0:00:01]} 4. Nf3 {[%emt 0:00:00]} O-O {[%emt 0:00:01]} 5. d4 {[%emt 0:00:00]} c6 {[%emt 0:00:01]} 6. c4 {[%emt 0:00:00]} d5 {[%emt 0:00:01]} 7. cxd5 {[%emt 0:00:03]} Nxd5 {[%emt 0:00:01]} 8. Nc3 {[%emt 0:00:00]} e6 {[%emt 0:00:01]} 9. O-O {[%emt 0:00:01]} b6 {[%emt 0:00:01]} 10. Qb3 {[%emt 0:00:01]} Bb7 {[%emt 0:00:01]} 11. e4 {[%emt 0:00:01]} Nxc3 {[%emt 0:00:02]} 12. bxc3 {[%emt 0:00:01]} Nd7 {[%emt 0:00:01]} 13. Ba3 {[%emt 0:00:01]} Re8 {[%emt 0:00:02]} 14. e5 {[%emt 0:00:02]} c5 {[%emt 0:00:01]} 15. Rad1 {[%emt 0:00:04]} cxd4 {[%emt 0:00:03]} 16. cxd4 {[%emt 0:00:04]} Rc8 {[%emt 0:00:01]} 17. Nd2 {[%emt 0:00:06]} Bxg2 {[%emt 0:00:04]} 18. Kxg2 {[%emt 0:00:01]} Nb8 {[%emt 0:00:00]} 19. Ne4 {[%emt 0:00:01]} Qd5 {[%emt 0:00:02]} 20. Qxd5 {[%emt 0:00:02]} Nc6 {[%emt 0:00:00]} 21. Qb3 {[%emt 0:00:03]} Red8 {[%emt 0:00:01]} 22. Nd6 {[%emt 0:00:01]} Rc7 {[%emt 0:00:02]} 23. d5 {[%emt 0:00:01]} exd5 {[%emt 0:00:02]} 24. Qxd5 {[%emt 0:00:01]} Bf8 {[%emt 0:00:00]} 25. f4 {[%emt 0:00:01]} Ne7 {[%emt 0:00:03]} 26. Qb3 {[%emt 0:00:02]} Nf5 {[%emt 0:00:02]} 27. Nxf7 {[%emt 0:00:04]} Rxf7 {[%emt 0:00:05]} 28. Rxd8 {[%emt 0:00:02]} Kg7 {[%emt 0:00:02]} 29. Rxf8 {[%emt 0:00:00]} Rxf8 {[%emt 0:00:02]} 30. Bxf8+ {[%emt 0:00:00]} Kxf8 {[%emt 0:00:01]} 31. Qe6 {[%emt 0:00:01]} Kg7 {[%emt 0:00:01]} 32. Qf6+ {[%emt 0:00:01]} Kh6 {[%emt 0:00:01]} 33. e6 {[%emt 0:00:01]} Ne3+ {[%emt 0:00:01]} 34. Kf2 {[%emt 0:00:01]} Ng4+ {[%emt 0:00:01]} 35. Kf3 {[%emt 0:00:01]} Nxf6 {[%emt 0:00:00]} 36. Re1 {[%emt 0:00:01]} Kg7 {[%emt 0:00:00]} 37. g4 {[%emt 0:00:03]} Kf8 {[%emt 0:00:01]} 38. f5 {[%emt 0:00:01]} Ke7 {[%emt 0:00:02]} 39. Kf4 {[%emt 0:00:01]} Nd5+ {[%emt 0:00:01]} 40. Ke5 {[%emt 0:00:01]} Nc3 {[%emt 0:00:01] Zeit (Lag: Av=0.23s, max=0.6s)} 0-1

[Event "Stay Safe Play From Home 238"]
[Site "Emanuel Lasker Arena"]
[Date "2020.06.19"]
[Round "9"]
[White "Mandy"]
[Black "Lamborghini"]
[Result "0-1"]
[WhiteElo "999"]
[BlackElo "2206"]
[Annotator "TA"]
[PlyCount "40"]
[EventDate "2020.06.19"]
[EventType "swiss (blitz)"]

{[%evp 9,40,-43,-42,-60,-56,-53,-50,-52,-42,-75,-71,-174,-166,-312,-309,-356,-354,-360,-337,-331,-319,-385,-382,-836,-812,-832,-806,-872,-874,-908,-892,-1241,-1196]} 1. d4 c5 2. c3 g6 3. Bf4 cxd4 4. Qxd4 {[#]} Bg7 $146 ({Predecessor:} 4... Nf6 5. Bxb8 Rxb8 6. Qxa7 {½-½ (6) Baier,H (2018)-Seyb,D (2210) Grossenseebach 2012}) 5. Qd1 Nf6 6. e3 {A43: Schmid Benoni.} O-O 7. Nf3 d5 8. h3 {Black is slightly better.} Nc6 {[%cal Bb8c6,Bc6e5,Be5c4,Bc4e3][%mdl 32]} 9. Bd3 Nd7 {And now ...e5 would win.} 10. Nbd2 (10. Be2 $17) 10... e5 $19 11. Bxe5 (11. Bg5 $142 f6 12. Bh4) 11... Ndxe5 12. Nxe5 Nxe5 13. Be2 Be6 14. O-O Rc8 15. f4 Nc4 16. e4 $2 (16. Nxc4 dxc4 17. Qxd8 Rcxd8 18. Rad1) 16... Ne3 {Black is clearly winning.} 17. Qe1 Nxf1 18. Qxf1 Qb6+ {[%mdl 64] [#] Double Attack} 19. Kh1 Qxb2 {[%mdl 64] Double Attack} 20. Bb5 Qxd2 {White got outplayed after the opening. Accuracy: White = 31%, Black = 100%.} 0-1